1325 1993 1273 1541 1226 1735 1608 1727 1138 1079 1080 1895 1598 1106 1040 1995 1482 1000 1352 1849 1311 1339 1765 1288 1712 1840 1231 1422 1947 1652 1822 1353 1633 1058 1896 1563 1490 1125 1969 1157 1782 1472 1732 1843 1421 1667 1140 1546 1374 1758 1512 1477 1223 1256 1016 1873 1412 1812 1238 1824 1149 1902 1510 1062 1052 1154 1142 1566 1234 1557 1236 1048 1775 1793 1515 1672 1106 1953 1021 1501 1837 1639 1287 1344 1027 1771 1331 1913 1680 1118 1321 1858 1363 1043 1827 1460 1200 1643 1304 BCNSPRNW ULIB Ver.6.0+V

เปลี่ยนเป็นภาษาไทย

Change to English
 แสดงรายละเอียดบรรณานุกรม
  กลับหน้าหลัก

Brief Record : Get Marc (ISO 2709) : E-mail record : QR code < ปิดหน้าต่าง
LEADER : 00000nam 2200000uu 4500
001    13399120977
003     ULIB
008    020711s2551 th a 000 0 tha d
020    9789741397693
050    HQ772^bM111ส
100    สุรนี จิวริยเวชช์
245    สมองเรา...ฉลาดสุดๆ ^cสุรนี จิวริยเวชช์
250    พิมพ์ครั้งที่ 1
260    กรุงเทพฯ :^bปาจารา,^c2551
300    80 หน้า
650    สมอง
945    ^p375^l0^i15350
945    ^p375^l0^i15351
945    ^p375^l0^i15352
945    ^p375^l0^i15353
999    ^aทศพร เกษรทอง
รายการนี้ยังไม่มีแท็ก
คุณยังไม่ได้ล็อกอิน คุณสามารถมีกิจกรรมร่วมกับเว็บไซต์ได้ แต่ต้องล็อกอินก่อน ::
  ล็อกอิน

รายการสื่อสารสนเทศ

ลำดับที่ ประเภท เลขเรียก/บาร์โค้ด สถานที่ สถานะ
1. วิทยาศาสตร์การแพทย์ และสุขภาพ
วิทยาศาสตร์การแพทย์ และสุขภาพ
HQ772 M111ส ฉ.1 
  Barcode: 15350
ห้องสมุดวิทยาเขตสวรรค์ประชารักษ์
►หนังสือทั่วไป
บนชั้น
2. วิทยาศาสตร์การแพทย์ และสุขภาพ
วิทยาศาสตร์การแพทย์ และสุขภาพ
HQ772 M111ส ฉ.2 
  Barcode: 15351
ห้องสมุดวิทยาเขตสวรรค์ประชารักษ์
►หนังสือทั่วไป
บนชั้น
3. วิทยาศาสตร์การแพทย์ และสุขภาพ
วิทยาศาสตร์การแพทย์ และสุขภาพ
HQ772 M111ส ฉ.3 
  Barcode: 15352
ห้องสมุดวิทยาเขตสวรรค์ประชารักษ์
►หนังสือทั่วไป
บนชั้น
4. วิทยาศาสตร์การแพทย์ และสุขภาพ
วิทยาศาสตร์การแพทย์ และสุขภาพ
HQ772 M111ส ฉ.4 
  Barcode: 15353
ห้องสมุดวิทยาเขตสวรรค์ประชารักษ์
►หนังสือทั่วไป
บนชั้น

รายการใกล้เคียง
    หัวเรื่อง [สมอง]

BibComment


ยังไม่เคยถูกคอมเมนท์

คอมเมนท์ทรัพยากรรายการนี้
  คอมเมนท์: สมองเราฉลาดสุดๆ ..


 Copyright 2026. Bcnsprnw @Library